Official Languages spoken in the Balkans - Statistics

General Stats
  • This quiz has been taken 219 times
    193 since last reset
  • The average score is 10 of 11
Answer Stats
Country Answer % Correct
Albania Albanian
99%
Bulgaria Bulgarian
99%
Greece Greek
99%
Croatia Croatian
98%
Bosnia and Herzegovina Bosnian
97%
Romania Romanian
94%
Serbia Serbian
93%
Slovenia Slovenian
93%
North Macedonia Macedonian
91%
Kosovo Albanian
88%
Montenegro Montenegrin
76%
No matching quizzes found
Score Distribution
Percent of People with Each Score
Percentile by Number Answered
Your Score History
You have not taken this quiz since the last reset